| 000 | 01484nam0a2200349 4500 | ||
|---|---|---|---|
| 001 | RU\NLR\BIBL_A\010475266 | ||
| 005 | 20260407063614.0 | ||
| 010 |
_a978-5-389-08142-0 _93000 |
||
| 021 |
_aRU _b2014-57568 _93488 |
||
| 035 | _a(NILC)RuMoRGB-007528130 | ||
| 035 | _a(NLR Aleph) 010475266 | ||
| 090 |
_a10040695 _c10040695 |
||
| 100 | _a20141013d2014 |||y0rusy50 ca | ||
| 101 | 1 |
_arus _ceng |
|
| 102 | _aRU | ||
| 105 | _ay|||z|||000ay | ||
| 200 | 1 |
_aМалое собрание сочинений _fГовард Филлипс Лавкрафт _g[пер. с англ. О. Алякринского и др.] |
|
| 210 |
_aСанкт-Петербург _cАзбука _d2014 |
||
| 215 |
_a876, [2] с. _d22 |
||
| 327 | 0 | _aСодерж.: Дагон ; Храм ; Показания Рэндольфа Картера ; Бехзымянный город ; Иные боги ; Праздник ; Сияние извне ; Зов Ктулху ; Ужас Данвича ; Шепчущий из тьмы [и др.] | |
| 333 | _a16+ | ||
| 675 | _a821.111(73)-32 | ||
| 686 | 1 | _aШ6(7США)67-445(Лх1978-62) | |
| 700 | 1 |
_7ca _8rus _aЛавкрафт _bГ. Ф. _f1890-1937 _gГовард Филлипс _9123422 _3RU\NLR\auth\7713740 |
|
| 801 | 0 |
_aRU _bRuMoRKP _c20101018 _gRCR |
|
| 801 | 2 |
_aRU _bРГБ _c20140731 _grcr |
|
| 801 | 1 |
_aRU _bRuMoRKP _c20101018 _2rusmarc |
|
| 942 | _cBOOK | ||
| 980 | _aNB | ||